LIBRARY & INFORMATION CENTRE, KCAET, TAVANUR

ONLINE PUBLIC ACCESS CATALOGUE (OPAC)

Post harvest physiology and crop preservation / (Record no. 2827)

MARC details
000 -LEADER
fixed length control field 00463cam a2200169ua 4500
020 ## - INTERNATIONAL STANDARD BOOK NUMBER
ISBN 0 306 40984 4
041 ## - LANGUAGE CODE
Language code of text/sound track or separate title eng
082 ## - DEWEY DECIMAL CLASSIFICATION NUMBER
Classification number 631.56
Item number LIE/PO
100 ## - MAIN ENTRY--AUTHOR NAME
Personal name Lieberman, Morris .
245 ## - TITLE STATEMENT
Title Post harvest physiology and crop preservation /
260 ## - PUBLICATION, DISTRIBUTION, ETC. (IMPRINT)
Place of publication Newyork &London :
Name of publisher Plenum press ,
Year of publication 1981.
300 ## - PHYSICAL DESCRIPTION
Number of Pages 572 ; .
942 ## - ADDED ENTRY ELEMENTS (KOHA)
Koha item type Books
Holdings
Withdrawn status Lost status Damaged status Home library Current library Date acquired Full call number Accession Number Koha item type
      KAUAET KAUAET 26/03/1987 631.56 16159 Books
free website counter